[Event "Titled Tuesday intern op 24th Oct Late"]
[Site "Chess.com INT"]
[Date "2023.10.24"]
[Round "6"]
[White "Cooper, Aaron"]
[Black "Mazurkiewicz, Michal"]
[Result "0-1"]
[WhiteElo "1904"]
[BlackElo "2145"]
[PlyCount "84"]
[EventDate "2023.10.24"]
[EventType "swiss (blitz)"]
[EventRounds "11"]
[EventCountry "USA"]
[SourceTitle "Mega2024 Update 01"]
[Source "Chessbase"]
[SourceDate "2023.11.12"]
[SourceVersion "1"]
[SourceVersionDate "2023.11.12"]
[SourceQuality "1"]

1. e4 d6 2. d4 Nf6 3. Nc3 c6 4. a4 e5 5. Nge2 Be7 6. g3 0-0 7. Bg2 a5 8. 0-0 Nbd7 9. h3 Qc7 10. Be3 Re8 11. Re1 Bf8 12. f4 b6 13. Qd2 Bb7 14. fxe5 dxe5 15. d5 Nc5 16. g4 Rad8 17. Ng3 cxd5 18. Nxd5 Nxd5 19. exd5 e4 20. Bf4 Bd6 21. Bxd6 Qxd6 22. Nf5 Qxd5 23. Qg5 Qe5 24. Rad1 Rxd1 25. Rxd1 g6 26. Nh6+ Kg7 27. Nf5+ Kh8 28. Rd8 gxf5 29. Rxe8+ Qxe8 30. Qf6+ Kg8 31. Qg5+ Kf8 32. Qh6+ Ke7 33. Qg5+ f6 34. Qxf5 Qf7 35. b3 Kf8 36. Kf1 Kg7 37. h4 Qe6 38. Qf4 Qe5 39. Qf2 Bd5 40. Qd2 Ne6 41. h5 Qf4+ 42. Qxf4 Nxf4 0-1

[Event "Titled Tuesday intern op 24th Oct Late"]
[Site "Chess.com INT"]
[Date "2023.10.24"]
[Round "11"]
[White "Ventura Bolet, Maxim"]
[Black "Cooper, Aaron"]
[Result "0-1"]
[WhiteElo "2233"]
[BlackElo "1904"]
[PlyCount "82"]
[EventDate "2023.10.24"]
[EventType "swiss (blitz)"]
[EventRounds "11"]
[EventCountry "USA"]
[SourceTitle "Mega2024 Update 01"]
[Source "Chessbase"]
[SourceDate "2023.11.12"]
[SourceVersion "1"]
[SourceVersionDate "2023.11.12"]
[SourceQuality "1"]

1. e4 d5 2. exd5 Qxd5 3. Nf3 Bg4 4. Be2 Nc6 5. d4 0-0-0 6. c4 Qa5+ 7. Bd2 Qb6 8. d5 Bxf3 9. Bxf3 Ne5 10. Be3 Qxb2 11. Bd4 Nxf3+ 12. gxf3 Qb4+ 13. Nd2 e6 14. Rb1 Qa5 15. 0-0 Nf6 16. Nb3 Qa6 17. Qc2 exd5 18. cxd5 Nxd5 19. Nc5 Bxc5 20. Bxc5 Kb8 21. Kh1 Qc6 22. Rfc1 Nf6 23. Qb3 Qd5 24. Qa3 b6 25. Be7 Rd7 26. Rd1 Qe6 27. Re1 Qc6 28. Rbc1 Qb7 29. Bxf6 gxf6 30. Re3 Rhd8 31. Kg2 c5 32. Qc3 Rd4 33. Qc2 Rg8+ 34. Kf1 Qc7 35. Qf5 Qxh2 36. Ke2 Qd6 37. Rc2 Rd1 38. Qxh7 Rgg1 39. f4 Rge1+ 40. Kf3 Qd5+ 41. Kg3 Rg1+ 0-1

[Event "Titled Tuesday intern op 26th Sep Late"]
[Site "Chess.com INT"]
[Date "2023.09.26"]
[Round "5"]
[White "Cooper, Aaron"]
[Black "Gogolev, Artem"]
[Result "0-1"]
[WhiteElo "1904"]
[BlackElo "2250"]
[PlyCount "62"]
[EventDate "2023.09.26"]
[EventType "swiss (blitz)"]
[EventRounds "11"]
[EventCountry "USA"]
[SourceTitle "EXT 2024"]
[Source "ChessBase"]
[SourceDate "2023.10.10"]
[SourceVersion "1"]
[SourceVersionDate "2023.10.10"]
[SourceQuality "1"]

1. e4 c6 2. d4 d5 3. exd5 cxd5 4. Bd3 Nc6 5. c3 Nf6 6. Bf4 Bg4 7. Qb3 Qd7 8. Nd2 e6 9. Ngf3 Bd6 10. Bxd6 Qxd6 11. 0-0 0-0 12. Rae1 Ne7 13. Ne5 Bf5 14. Be2 b5 15. Ndf3 Rfb8 16. Nh4 a5 17. Nxf5 Nxf5 18. Qc2 b4 19. Bd3 Ne7 20. Re3 bxc3 21. bxc3 Rc8 22. Rh3 Ng6 23. f4 Rc7 24. f5 Nxe5 25. dxe5 Qxe5 26. fxe6 h6 27. exf7+ Rxf7 28. c4 Rc7 29. Rc1 Rac8 30. Qb3 dxc4 31. Bxc4+ Rxc4 0-1

[Event "Titled Tuesday intern op 12th Sep Early"]
[Site "Chess.com INT"]
[Date "2023.09.12"]
[Round "11"]
[White "Cooper, Aaron"]
[Black "Herman, Daniel"]
[Result "0-1"]
[WhiteElo "1904"]
[BlackElo "1927"]
[PlyCount "60"]
[EventDate "2023.09.12"]
[EventType "swiss (blitz)"]
[EventRounds "11"]
[EventCountry "USA"]
[SourceTitle "EXT 2024"]
[Source "ChessBase"]
[SourceDate "2023.10.10"]
[SourceVersion "1"]
[SourceVersionDate "2023.10.10"]
[SourceQuality "1"]

1. e4 e5 2. f4 exf4 3. Nf3 h5 4. Bc4 h4 5. d4 g5 6. 0-0 d6 7. Nxg5 Qxg5 8. Bxf4 Qg7 9. Nc3 Be6 10. d5 Bg4 11. Qd2 Nd7 12. e5 dxe5 13. d6 Bxd6 14. Nb5 Bc5+ 15. Be3 0-0-0 16. Rxf7 Qg5 17. Re1 Nh6 18. Rf2 Bxe3 19. Rxe3 a6 20. Nc3 Nc5 21. Qe1 Rhe8 22. Nd5 e4 23. Rc3 Rxd5 24. Bxd5 Qxd5 25. b4 Na4 26. Ra3 Nb2 27. Qe3 Nc4 28. Qxh6 Nxa3 29. Qg6 Qe6 30. Qg5 e3 0-1

[Event "Titled Tuesday intern op 12th Sep Late"]
[Site "Chess.com INT"]
[Date "2023.09.12"]
[Round "10"]
[White "Cooper, Aaron"]
[Black "Jin, Ashton"]
[Result "0-1"]
[WhiteElo "1904"]
[BlackElo "2199"]
[PlyCount "106"]
[EventDate "2023.09.12"]
[EventType "swiss (blitz)"]
[EventRounds "11"]
[EventCountry "USA"]
[SourceTitle "EXT 2024"]
[Source "ChessBase"]
[SourceDate "2023.10.10"]
[SourceVersion "1"]
[SourceVersionDate "2023.10.10"]
[SourceQuality "1"]

1. e4 c5 2. Nf3 d6 3. d4 cxd4 4. Nxd4 Nf6 5. Nc3 Nc6 6. Bc4 e6 7. Bb3 Be7 8. 0-0 0-0 9. Be3 a6 10. a4 Qc7 11. Qf3 Ne5 12. Qg3 Nc4 13. Bh6 Ne8 14. Bxc4 Qxc4 15. Rad1 Bf6 16. Nde2 b6 17. Be3 b5 18. axb5 axb5 19. Bd4 b4 20. Bxf6 Nxf6 21. Rd4 Qc5 22. Nd1 Qxc2 23. Qe3 Ba6 24. Re1 d5 25. e5 Ne4 26. Rxb4 Rfc8 27. Nd4 Qc5 28. Rb3 Bc4 29. Ra3 Rxa3 30. bxa3 Ra8 31. Nc2 Qxe3 32. Rxe3 Nc5 33. Nb2 Bb3 34. f3 Bxc2 35. Rc3 Nd7 36. Rxc2 Nxe5 37. a4 f6 38. Kf2 Nd7 39. Rc3 Nb6 40. Ra3 Ra5 41. Ke3 Rxa4 42. Rxa4 Nxa4 43. Nxa4 Kf7 44. Nc3 Ke7 45. f4 Kd6 46. g3 Kc5 47. Kd3 h5 48. Ne2 e5 49. fxe5 fxe5 50. Ke3 Kc4 51. h4 d4+ 52. Ke4 d3 53. Ng1 d2 0-1

[Event "Titled Tuesday intern op 12th Sep Late"]
[Site "Chess.com INT"]
[Date "2023.09.12"]
[Round "11"]
[White "Cooper, Aaron"]
[Black "Wisniowski, Natalie"]
[Result "0-1"]
[WhiteElo "1904"]
[BlackElo "1896"]
[PlyCount "154"]
[EventDate "2023.09.12"]
[EventType "swiss (blitz)"]
[EventRounds "11"]
[EventCountry "USA"]
[SourceTitle "EXT 2024"]
[Source "ChessBase"]
[SourceDate "2023.10.10"]
[SourceVersion "1"]
[SourceVersionDate "2023.10.10"]
[SourceQuality "1"]

1. e4 c5 2. Nc3 d6 3. g3 Nf6 4. Bg2 Nc6 5. d3 b6 6. Nh3 Bb7 7. 0-0 e6 8. f4 g6 9. Nf2 Bg7 10. Be3 0-0 11. Qd2 Rc8 12. g4 Nd4 13. g5 Nd7 14. h4 c4 15. Ng4 cxd3 16. cxd3 Nc5 17. Nh6+ Kh8 18. Rad1 Ba6 19. f5 exf5 20. exf5 gxf5 21. Nxf5 Nxf5 22. Rxf5 Bxd3 23. Rxc5 dxc5 24. Qxd3 Qe7 25. Nd5 Qe5 26. b3 Rfe8 27. Bf4 Qb2 28. Nf6 Bxf6 29. gxf6 Qxf6 30. Bg5 Qd4+ 31. Qxd4+ cxd4 32. Rxd4 Re1+ 33. Kf2 Ra1 34. Bf6+ Kg8 35. Rd2 Rac1 36. Be4 Re8 37. Re2 Rcc8 38. Kf3 Re6 39. Rg2+ Kf8 40. Bxh7 Rxf6+ 41. Ke4 Re8+ 42. Kd5 Rf1 43. Rg8+ Ke7 44. Rxe8+ Kxe8 45. Be4 Rf4 46. h5 Rh4 47. Kc6 Rxh5 48. Kb7 Re5 49. Bc6+ Kd8 50. Kxa7 Re7+ 51. Kxb6 Re6 52. a4 f5 53. Kb5 Re5+ 54. Kc4 f4 55. Bf3 Re3 56. Bg4 Re1 57. a5 Ra1 58. b4 Kc7 59. Kb5 Ra3 60. Bh5 f3 61. Bxf3 Rxf3 62. Ka6 Rf6+ 63. Ka7 Rf4 64. b5 Rb4 65. b6+ Kc6 66. b7 Rxb7+ 67. Ka8 Rb5 68. a6 Ra5 69. a7 Kb6 70. Kb8 Rxa7 71. Kc8 Kc6 72. Kd8 Rb7 73. Ke8 Kd6 74. Kf8 Ke6 75. Kg8 Kf6 76. Kh8 Kg6 77. Kg8 Rb8# 0-1

[Event "Titled Tuesday intern op 12th Sep Late"]
[Site "Chess.com INT"]
[Date "2023.09.12"]
[Round "8"]
[White "Duarte Miceli, Leonardo"]
[Black "Cooper, Aaron"]
[Result "1-0"]
[WhiteElo "2299"]
[BlackElo "1904"]
[PlyCount "47"]
[EventDate "2023.09.12"]
[EventType "swiss (blitz)"]
[EventRounds "11"]
[EventCountry "USA"]
[SourceTitle "EXT 2024"]
[Source "ChessBase"]
[SourceDate "2023.10.10"]
[SourceVersion "1"]
[SourceVersionDate "2023.10.10"]
[SourceQuality "1"]

1. d4 Nf6 2. c4 g6 3. Nc3 Bg7 4. e4 d6 5. h3 0-0 6. Be3 e5 7. d5 c5 8. g4 Ne8 9. Nge2 f5 10. gxf5 gxf5 11. exf5 Bxf5 12. Ng3 Bg6 13. h4 h6 14. Qd2 Qf6 15. 0-0-0 Bh7 16. Nh5 Qf5 17. Ng3 Qf6 18. Bh3 Kh8 19. Rdg1 Na6 20. Nh5 Qe7 21. Bxh6 Bxh6 22. Qxh6 Rxf2 23. Be6 Nb4 24. Rg8# 1-0

[Event "Titled Tuesday intern op 12th Sep Late"]
[Site "Chess.com INT"]
[Date "2023.09.12"]
[Round "9"]
[White "Dwilewicz, Katarzyna"]
[Black "Cooper, Aaron"]
[Result "1-0"]
[WhiteElo "2098"]
[BlackElo "1904"]
[PlyCount "101"]
[EventDate "2023.09.12"]
[EventType "swiss (blitz)"]
[EventRounds "11"]
[EventCountry "USA"]
[SourceTitle "EXT 2024"]
[Source "ChessBase"]
[SourceDate "2023.10.10"]
[SourceVersion "1"]
[SourceVersionDate "2023.10.10"]
[SourceQuality "1"]

1. e4 d5 2. exd5 Qxd5 3. Nf3 Bg4 4. Be2 Nc6 5. h3 Bh5 6. 0-0 Nf6 7. d4 0-0-0 8. Be3 e6 9. c4 Qd7 10. Qb3 Na5 11. Qc3 Qa4 12. b3 Qb4 13. Rd1 Ne4 14. Qxb4 Bxb4 15. g4 Bg6 16. Ne5 f6 17. Nxg6 hxg6 18. Kg2 Nc6 19. a3 Bc3 20. Nxc3 Nxc3 21. Rd2 Nxe2 22. Rxe2 Nxd4 23. Bxd4 Rxd4 24. Rxe6 Rd3 25. Re3 Rxe3 26. fxe3 Rd8 27. Kf3 Rd3 28. Rb1 f5 29. Ke2 Rd6 30. Rg1 Rd7 31. gxf5 gxf5 32. Rg5 Rf7 33. Kf3 Kd7 34. Kf4 Ke6 35. Rg6+ Ke7 36. Ke5 Kf8 37. h4 Re7+ 38. Re6 g6 39. Kf6 Rxe6+ 40. Kxe6 Kg7 41. Kd7 Kf6 42. Kxc7 Ke6 43. Kxb7 Ke5 44. c5 Ke4 45. c6 Kxe3 46. c7 f4 47. c8Q f3 48. Qe6+ Kf2 49. Qxg6 Ke2 50. Qe4+ Kf2 51. h5 1-0

[Event "Titled Tuesday intern op 12th Sep Early"]
[Site "Chess.com INT"]
[Date "2023.09.12"]
[Round "2"]
[White "Shturman, Arseniy"]
[Black "Cooper, Aaron"]
[Result "1-0"]
[WhiteElo "2161"]
[BlackElo "1904"]
[PlyCount "43"]
[EventDate "2023.09.12"]
[EventType "swiss (blitz)"]
[EventRounds "11"]
[EventCountry "USA"]
[SourceTitle "EXT 2024"]
[Source "ChessBase"]
[SourceDate "2023.10.10"]
[SourceVersion "1"]
[SourceVersionDate "2023.10.10"]
[SourceQuality "1"]

1. e4 d5 2. exd5 Qxd5 3. Nc3 Qd6 4. d4 Nf6 5. Nf3 c6 6. Ne5 Nbd7 7. f4 g6 8. Bc4 Nxe5 9. fxe5 Qb4 10. Bxf7+ Kxf7 11. exf6 exf6 12. 0-0 Kg7 13. Ne4 Be7 14. c3 Qb6 15. Qf3 Rf8 16. Qe3 Kg8 17. Ng5 fxg5 18. Qxe7 Rxf1+ 19. Kxf1 Bg4 20. h3 Rf8+ 21. Kg1 Bf5 22. Bxg5 1-0

[Event "Titled Tuesday intern op 05th Sep Late"]
[Site "Chess.com INT"]
[Date "2023.09.05"]
[Round "2"]
[White "Cooper, Aaron"]
[Black "D'Arruda, Ricardo D"]
[Result "1-0"]
[WhiteElo "1904"]
[BlackElo "2271"]
[PlyCount "145"]
[EventDate "2023.09.05"]
[EventType "swiss (blitz)"]
[EventRounds "11"]
[EventCountry "USA"]
[SourceTitle "EXT 2024"]
[Source "ChessBase"]
[SourceDate "2023.10.10"]
[SourceVersion "1"]
[SourceVersionDate "2023.10.10"]
[SourceQuality "1"]

1. b4 e5 2. Bb2 d6 3. c4 Nf6 4. Nc3 Nc6 5. b5 Ne7 6. e3 Nf5 7. Nf3 Be7 8. Be2 0-0 9. 0-0 e4 10. Ng5 d5 11. cxd5 Nd6 12. Qc2 Re8 13. Ncxe4 Nfxe4 14. Nxe4 Bf5 15. d3 Nxb5 16. Ng3 Bg6 17. a4 Nd6 18. Rac1 Rc8 19. e4 Bf6 20. Bg4 Bxb2 21. Qxb2 Rb8 22. Qc2 Qg5 23. Bh3 Re7 24. f4 Qh4 25. f5 Bh5 26. f6 gxf6 27. Bf5 Bg6 28. Qd2 Qg5 29. Qc3 Kg7 30. Rce1 Rbe8 31. d4 Bxf5 32. Nxf5+ Nxf5 33. Rxf5 Qxf5 34. exf5 Rxe1+ 35. Kf2 R8e2+ 36. Kf3 Re3+ 37. Qxe3 Rxe3+ 38. Kxe3 Kh6 39. Ke4 Kg5 40. d6 cxd6 41. Kd5 Kxf5 42. Kxd6 Ke4 43. d5 f5 44. Kc5 Ke5 45. a5 f4 46. h3 a6 47. d6 Ke6 48. Kb6 Kxd6 49. Kxb7 h5 50. Kxa6 Kc6 51. Ka7 Kc7 52. a6 Kc8 53. Kb6 Kb8 54. Kc6 Ka7 55. Kd6 Kxa6 56. Ke5 Kb5 57. Kxf4 Kc6 58. Kg5 Kd6 59. Kxh5 Ke6 60. Kg5 Ke7 61. h4 Kf8 62. Kf6 Kg8 63. g4 Kf8 64. g5 Kg8 65. h5 Kf8 66. h6 Kg8 67. Ke7 Kh7 68. Kxf7 Kh8 69. h7 Kxh7 70. g6+ Kh6 71. g7 Kg5 72. g8Q+ Kf4 73. Qg6 1-0

[Event "Titled Tuesday intern op 29th Aug Late"]
[Site "Chess.com INT"]
[Date "2023.08.29"]
[Round "8"]
[White "Alvarado, Carlos"]
[Black "Cooper, Aaron"]
[Result "1-0"]
[WhiteElo "2108"]
[BlackElo "1904"]
[PlyCount "131"]
[EventDate "2023.08.29"]
[EventType "swiss (blitz)"]
[EventRounds "11"]
[EventCountry "USA"]
[SourceTitle "EXT 2024"]
[Source "ChessBase"]
[SourceDate "2023.10.10"]
[SourceVersion "1"]
[SourceVersionDate "2023.10.10"]
[SourceQuality "1"]

1. d4 Nf6 2. Nf3 g6 3. Bg5 Bg7 4. Nbd2 d6 5. c3 Nbd7 6. e4 0-0 7. Be2 e5 8. dxe5 dxe5 9. 0-0 Re8 10. Re1 h6 11. Bh4 Nc5 12. Qc2 c6 13. h3 Qc7 14. Nh2 Be6 15. Bxf6 Bxf6 16. Ng4 Bg7 17. Nf3 f5 18. exf5 gxf5 19. Ne3 Qf7 20. b3 Rad8 21. Bc4 Ne4 22. Rad1 Nd6 23. Rxd6 Rxd6 24. Nxf5 Rdd8 25. Nxg7 Kxg7 26. Nxe5 Qf5 27. Bd3 Qf6 28. Qc1 Rf8 29. Qe3 Bd5 30. g3 Rde8 31. f4 Kh8 32. c4 Bf7 33. Qe4 Bg8 34. h4 Kg7 35. Kh2 Bh7 36. Qd4 Rxe5 37. Rxe5 Bxd3 38. Qxd3 Rf7 39. Qe4 Qg6 40. Re6 Qxe4 41. Rxe4 Kf6 42. Kh3 Rd7 43. Re5 Rd2 44. b4 Rxa2 45. b5 cxb5 46. Rxb5 b6 47. Rh5 Rc2 48. Rxh6+ Kg7 49. Rd6 Rxc4 50. Rd7+ Kf6 51. Rxa7 b5 52. Rb7 b4 53. h5 Re4 54. Kg4 Rc4 55. Rb5 Kg7 56. Rb6 Rd4 57. Kg5 Rd3 58. g4 b3 59. f5 Rg3 60. h6+ Kh7 61. Rb7+ Kh8 62. Kh5 Kg8 63. g5 Rh3+ 64. Kg6 Kf8 65. f6 b2 66. Rb8# 1-0

[Event "Titled Tuesday intern op 29th Aug Late"]
[Site "Chess.com INT"]
[Date "2023.08.29"]
[Round "9"]
[White "Cooper, Aaron"]
[Black "Vujacic, Igor"]
[Result "1-0"]
[WhiteElo "1904"]
[BlackElo "2083"]
[PlyCount "69"]
[EventDate "2023.08.29"]
[EventType "swiss (blitz)"]
[EventRounds "11"]
[EventCountry "USA"]
[SourceTitle "EXT 2024"]
[Source "ChessBase"]
[SourceDate "2023.10.10"]
[SourceVersion "1"]
[SourceVersionDate "2023.10.10"]
[SourceQuality "1"]

1. e4 c5 2. Nf3 Nc6 3. Bb5 g6 4. Bxc6 dxc6 5. d3 Bg7 6. 0-0 Nf6 7. Nbd2 Nd7 8. Re1 e5 9. b3 Qe7 10. a4 a5 11. Bb2 0-0 12. Nc4 b6 13. Qd2 Rb8 14. Rad1 Rd8 15. Qc1 f6 16. Qa1 Nf8 17. c3 Bg4 18. d4 cxd4 19. cxd4 Bxf3 20. gxf3 exd4 21. Bxd4 c5 22. Bc3 Ne6 23. Rxd8+ Rxd8 24. Nxb6 Ng5 25. Re3 Qe6 26. Nd5 Nh3+ 27. Kf1 Qa6+ 28. Kg2 Qe6 29. Qd1 Rxd5 30. exd5 Nf4+ 31. Kf1 Qa6+ 32. Kg1 Qc8 33. Qf1 Nxd5 34. Qc4 Qc6 35. Rd3 1-0

[Event "Titled Tuesday intern op 22nd Aug Late"]
[Site "Chess.com INT"]
[Date "2023.08.22"]
[Round "5"]
[White "Cooper, Aaron"]
[Black "Bornholdt, Joa Max"]
[Result "0-1"]
[WhiteElo "1904"]
[BlackElo "2269"]
[PlyCount "36"]
[EventDate "2023.08.22"]
[EventType "swiss (blitz)"]
[EventRounds "11"]
[EventCountry "USA"]
[SourceTitle "EXT 2024"]
[Source "ChessBase"]
[SourceDate "2023.10.10"]
[SourceVersion "1"]
[SourceVersionDate "2023.10.10"]
[SourceQuality "1"]

1. e4 c5 2. Nf3 d6 3. d4 cxd4 4. Nxd4 Nf6 5. Nc3 Nc6 6. Be2 g6 7. Be3 Bg7 8. 0-0 0-0 9. h3 Bd7 10. f4 Nxd4 11. Bxd4 Bc6 12. Bf3 b5 13. a3 Nd7 14. Bxg7 Kxg7 15. Qd4+ Kg8 16. Rad1 Qb6 17. e5 dxe5 18. Bxc6 exd4 0-1

[Event "Titled Tuesday intern op 22nd Aug Late"]
[Site "Chess.com INT"]
[Date "2023.08.22"]
[Round "8"]
[White "Cooper, Aaron"]
[Black "Negron Lizarazo, Juan Sebastian"]
[Result "1-0"]
[WhiteElo "1904"]
[BlackElo "1689"]
[PlyCount "57"]
[EventDate "2023.08.22"]
[EventType "swiss (blitz)"]
[EventRounds "11"]
[EventCountry "USA"]
[SourceTitle "EXT 2024"]
[Source "ChessBase"]
[SourceDate "2023.10.10"]
[SourceVersion "1"]
[SourceVersionDate "2023.10.10"]
[SourceQuality "1"]

1. e4 c5 2. Nf3 d6 3. d4 cxd4 4. Nxd4 Nf6 5. Nc3 a6 6. Bc4 e5 7. Nde2 Be7 8. 0-0 0-0 9. Bg5 b5 10. Bb3 Nbd7 11. Bxf6 Nxf6 12. Ng3 Bb7 13. Nd5 Nxd5 14. Bxd5 Bxd5 15. Qxd5 Rc8 16. c3 Rc5 17. Qd3 Qc7 18. Rad1 Rd8 19. Nf5 a5 20. Qg3 g6 21. h4 Kh8 22. Ne3 b4 23. Nd5 Qb7 24. cxb4 axb4 25. h5 Bf8 26. Qf3 Bg7 27. h6 Bxh6 28. Qf6+ Bg7 29. Qxd8+ 1-0

[Event "Titled Tuesday intern op 22nd Aug Late"]
[Site "Chess.com INT"]
[Date "2023.08.22"]
[Round "7"]
[White "Ochkoos, Jura"]
[Black "Cooper, Aaron"]
[Result "1-0"]
[WhiteElo "2203"]
[BlackElo "1904"]
[PlyCount "65"]
[EventDate "2023.08.22"]
[EventType "swiss (blitz)"]
[EventRounds "11"]
[EventCountry "USA"]
[SourceTitle "EXT 2024"]
[Source "ChessBase"]
[SourceDate "2023.10.10"]
[SourceVersion "1"]
[SourceVersionDate "2023.10.10"]
[SourceQuality "1"]

1. e4 d5 2. exd5 Qxd5 3. Nc3 Qd6 4. d4 Nf6 5. Nb5 Qb6 6. c4 c6 7. Nc3 Bf5 8. Nf3 e6 9. Be2 Nbd7 10. 0-0 Qc7 11. d5 Bd6 12. h3 exd5 13. cxd5 0-0 14. Nd4 Bg6 15. dxc6 bxc6 16. Be3 Rab8 17. Rc1 Rfc8 18. Ncb5 Bh2+ 19. Kh1 Qe5 20. Nxc6 Rxc6 21. Rxc6 Bf4 22. Qd4 Bxe3 23. Qxe3 Qxb2 24. Rfc1 Nb6 25. Qc3 Qxe2 26. Nxa7 Re8 27. Rxb6 Ne4 28. Qf3 Nxf2+ 29. Kg1 Qd2 30. Rf1 Ne4 31. Nc6 Qd5 32. Ne7+ Kh8 33. Nxd5 1-0

[Event "Titled Tuesday intern op 08th Aug Late"]
[Site "Chess.com INT"]
[Date "2023.08.08"]
[Round "11"]
[White "Cooper, Aaron"]
[Black "Osmonbekov, Talaibek D"]
[Result "0-1"]
[WhiteElo "1904"]
[BlackElo "2137"]
[PlyCount "62"]
[EventDate "2023.08.08"]
[EventType "swiss (blitz)"]
[EventRounds "11"]
[EventCountry "USA"]
[SourceTitle "EXT 2024"]
[Source "ChessBase"]
[SourceDate "2023.10.10"]
[SourceVersion "1"]
[SourceVersionDate "2023.10.10"]
[SourceQuality "1"]

1. e4 c5 2. Nf3 d6 3. d4 cxd4 4. Nxd4 Nf6 5. Nc3 g6 6. Be2 Bg7 7. 0-0 0-0 8. Be3 Nc6 9. f4 Qb6 10. Na4 Qa5 11. Nxc6 bxc6 12. Nc3 Rb8 13. Bd4 Rxb2 14. Nd5 cxd5 15. Bxb2 Qb6+ 16. Bd4 Qa5 17. e5 dxe5 18. fxe5 Ne4 19. Bf3 Bf5 20. Re1 Rd8 21. g4 Be6 22. Qd3 Ng5 23. Be2 Qa4 24. c3 Rc8 25. Rab1 Ne4 26. Rb7 a5 27. Bf3 Qxa2 28. Bxe4 dxe4 29. Qe3 a4 30. Rxe7 a3 31. Ra7 Qb2 0-1

[Event "Titled Tuesday intern op 08th Aug Late"]
[Site "Chess.com INT"]
[Date "2023.08.08"]
[Round "7"]
[White "Sari, Yasin"]
[Black "Cooper, Aaron"]
[Result "1-0"]
[WhiteElo "2280"]
[BlackElo "1904"]
[PlyCount "181"]
[EventDate "2023.08.08"]
[EventType "swiss (blitz)"]
[EventRounds "11"]
[EventCountry "USA"]
[SourceTitle "EXT 2024"]
[Source "ChessBase"]
[SourceDate "2023.10.10"]
[SourceVersion "1"]
[SourceVersionDate "2023.10.10"]
[SourceQuality "1"]

1. Nf3 g6 2. d4 Bg7 3. e4 d6 4. Bc4 Nf6 5. Qe2 d5 6. exd5 Nxd5 7. h3 0-0 8. 0-0 Nc6 9. c3 Bf5 10. Re1 Re8 11. Bg5 Qd7 12. Ne5 Nxe5 13. dxe5 h6 14. Bh4 c6 15. Nd2 Nf4 16. Qe3 g5 17. Bg3 Nd3 18. Bxd3 Qxd3 19. Qxd3 Bxd3 20. Nb3 b6 21. Rad1 Rad8 22. Nd4 Bb5 23. b3 Rc8 24. c4 Ba6 25. Nf5 Kf8 26. Rd7 b5 27. c5 b4 28. e6 fxe6 29. Rxe6 Rcd8 30. Rxd8 Rxd8 31. Nxg7 Kxg7 32. Rxe7+ Kf6 33. Bd6 Bb5 34. Rxa7 Re8 35. f4 Re1+ 36. Kh2 Re2 37. fxg5+ hxg5 38. a4 bxa3 39. Rxa3 Bd3 40. b4 Be4 41. Rg3 Kf5 42. Be7 Rb2 43. Rxg5+ Ke6 44. Bd6 Rxb4 45. h4 Kf6 46. Rg4 Kf5 47. Rf4+ Ke6 48. h5 Kd5 49. h6 Rb7 50. Rh4 Rh7 51. g4 Bg6 52. g5 Ke6 53. Rf4 Bf5 54. Rf2 Rh8 55. Re2+ Kf7 56. Re7+ Kg6 57. Rg7+ Kh5 58. Kg3 Re8 59. h7 Bxh7 60. Rxh7+ Kxg5 61. Rc7 Kf5 62. Rxc6 Ke4 63. Kf2 Kd5 64. Rc7 Re4 65. Rh7 Rc4 66. Rh5+ Kc6 67. Ke3 Ra4 68. Kd3 Ra3+ 69. Kc2 Ra4 70. Kb3 Rg4 71. Rh6 Re4 72. Bf8+ Kd7 73. Kc3 Rf4 74. Bg7 Rg4 75. Bd4 Kc7 76. Kc4 Rg5 77. Re6 Kd7 78. Re5 Rg4 79. Kd5 Kc7 80. Re7+ Kd8 81. Rg7 Rf4 82. c6 Rf3 83. Be5 Rd3+ 84. Ke6 Kc8 85. Rg8+ Rd8 86. Rxd8+ Kxd8 87. Kd6 Kc8 88. Bf6 Kb8 89. c7+ Ka8 90. c8Q+ Ka7 91. Bd4# 1-0